Performance Evaluation Framework under the Influence of Industry 4.0: The Case of the Czech Manufacturing Industry

Predstavenie nového systému hodnotenia výkonnosti podniku založenom na kompozitnom ukazovateľovi výkonnosti. Pridanou hodnotou tejto novej metodiky hodnotenia výkonnosti spočíva v použití relatívne jednoduchých a jednotných kľúčových ukazovateľov výkonnosti a separácie priamej a výslovnej závislosti...

ver descrição completa

Na minha lista:
Detalhes bibliográficos
Autor principal: Hedvičáková, Martina
Outros Autores: Král, Martin
Formato: Capítulo de Livro
Idioma:inglês
Assuntos:
Tags: Adicionar Tag
Sem tags, seja o primeiro a adicionar uma tag!

MARC

LEADER 00000naa a2200000 4500
001 0272685
005 20210324113850.8
041 0 |a eng 
044 |a CZ 
245 1 0 |a Performance Evaluation Framework under the Influence of Industry 4.0: The Case of the Czech Manufacturing Industry  |c Martina Hedvičáková, Martin Král 
520 |a Predstavenie nového systému hodnotenia výkonnosti podniku založenom na kompozitnom ukazovateľovi výkonnosti. Pridanou hodnotou tejto novej metodiky hodnotenia výkonnosti spočíva v použití relatívne jednoduchých a jednotných kľúčových ukazovateľov výkonnosti a separácie priamej a výslovnej závislosti od vonkajšej ekonomickej situácie. 
610 2 0 |a výkonnosť podniku 
610 2 0 |a ukazovatele výkonnosti 
610 2 0 |a priemysel 4.0 
610 2 0 |a hodnotenie pracovníkov 
610 2 0 |a Česko 
100 1 |a Hedvičáková, Martina 
700 1 |a Král, Martin